Integračné procesy v priemysle Cvičenia

Salvato in:
Dettagli Bibliografici
Autore principale: Sršňová, Jana
Ente Autore: Vysoká škola ekonomická v Bratislave. Fakulta ekonomiky a riadenia výrobných odvetví
Altri autori: Bajzíková, Ľubica, Fillová, Zdenka
Natura: Libro
Lingua:slovacco
Pubblicazione: Bratislava VŠE 1988
Edizione:1. vyd.
Tags: Aggiungi Tag
Nessun Tag, puoi essere il primo ad aggiungerne!!

MARC

LEADER 00000nam a2200000 4500
001 c024604
005 20230116103333.7
041 0 |a slo 
044 |a SK 
245 1 0 |a Integračné procesy v priemysle  |b Cvičenia  |c Jana Sršňová, Ľubica Bajzíková, Zdenka Fillová 
250 |a 1. vyd. 
264 1 |a Bratislava  |b VŠE  |c 1988 
300 |a 125 s. 
100 1 |a Sršňová, Jana 
700 1 |a Bajzíková, Ľubica 
700 1 |a Fillová, Zdenka 
710 2 |a Vysoká škola ekonomická v Bratislave. Fakulta ekonomiky a riadenia výrobných odvetví